Император ГРУ (Запись № 13547053)

Подробности
000 -МАРКЕР
контрольное поле 02357nam0a2200409 4500
001 - ИДЕНТИФИКАТОР ЗАПИСИ
контрольное поле RU\NLR\BIBL_A\022586858
005 - ИДЕНТИФИКАТОР ВЕРСИИ
контрольное поле 20260205162955.0
010 ## - МЕЖДУНАРОДНЫЙ СТАНДАРТНЫЙ НОМЕР КНИГИ (ISBN)
Номер (ISBN) 978-5-00119-228-2
Тираж 1000
021 ## - НОМЕР ГОСУДАРСТВЕННОЙ РЕГИСТРАЦИИ
Код страны Российская Федерация
Номер КН-П-25-030673
Номер Листа государственной регистраци КН-П-25-3032
035 ## - ДРУГИЕ СИСТЕМНЫЕ НОМЕРА
Идентификатор записи (NLR Aleph) 022586858
100 ## - ДАННЫЕ ОБЩЕЙ ОБРАБОТКИ
Данные общей обработки 20250717d2025 u y0rusy50 ca
101 0# - ЯЗЫК РЕСУРСА
Язык текста, звукозаписи и т.д. русский
102 ## - СТРАНА ПУБЛИКАЦИИ ИЛИ ПРОИЗВОДСТВА
Страна публикации Российская Федерация
105 ## - ПОЛЕ КОДИРОВАННЫХ ДАННЫХ: ТЕКСТОВЫЕ МАТЕРИАЛЫ, МОНОГРАФИЧЕСКИЕ
Кодированные данные о монографическом текстовом документе ac z 010zb
181 #0 - ПОЛЕ КОДИРОВАННЫХ ДАННЫХ: ВИД СОДЕРЖАНИЯ
Код вида содержания (ISBD) i
Код характеристики содержания (ISBD) axxe
182 #0 - ПОЛЕ КОДИРОВАННЫХ ДАННЫХ: ТИП СРЕДСТВА
Код типа средства (ISBD) n - непосредственное
200 1# - ЗАГЛАВИЕ И СВЕДЕНИЯ ОБ ОТВЕТСТВЕННОСТИ
Основное заглавие Император ГРУ
Сведения, относящиеся к заглавию рассекреченное досье
-- материалы из архивов КГБ [о деятельности П. И. Ивашутина]
Первые сведения об ответственности А. С. Терещенко, А. А. Вдовин
203 ## - ВИД СОДЕРЖАНИЯ И ТИП СРЕДСТВА
Вид содержания Текст
Дополнительные сведения об издании визуальный
Тип средства непосредственный
210 ## - ПУБЛИКАЦИЯ, РАСПРОСТРАНЕНИЕ И ДР.
Место издания, распространения и т.д. Москва
Имя издателя, распространителя и т. д. Белый город
Дата издания, распространения и т.д. 2025
215 ## - ФИЗИЧЕСКАЯ ХАРАКТЕРИСТИКА
Специфическое обозначение материала и объем 494, [1] с.
Другие сведения о физической характеристике ил., портр.
Размеры 21
300 ## - ОБЩИЕ ПРИМЕЧАНИЯ
Текст примечания На задней сторонке пер. авт.: Вдовин А. А., полк. органов безопасности в отставке, преподаватель, Терещенко А. С., полк. в отставке
300 ## - ОБЩИЕ ПРИМЕЧАНИЯ
Текст примечания На задней сторонке пер.: Победа! 80
320 ## - ПРИМЕЧАНИЯ О НАЛИЧИИ В ДОКУМЕНТЕ БИБЛИОГРАФИИ / УКАЗАТЕЛЯ
Текст примечания Библиогр. в подстроч. примеч.
320 ## - ПРИМЕЧАНИЯ О НАЛИЧИИ В ДОКУМЕНТЕ БИБЛИОГРАФИИ / УКАЗАТЕЛЯ
Текст примечания Другие кн. 2-го авт. на задней сторонке пер.
600 #1 - ИМЯ ЛИЦА КАК ПРЕДМЕТ
Начальный элемент ввода Ивашутин
Часть имени, кроме начального элемента ввода П.И.
Даты 1909 - 2002
Расширение инициалов личного имени Петр Иванович
Системный номер авторитетной/нормативной записи 2613665
Идентификатор авторитетной/нормативной записи RU\NLR\AUTH\661550223
686 1# - ИНДЕКСЫ ДРУГИХ КЛАССИФИКАЦИЙ
Индекс Ц68,6(2)-243дИвашутин
700 #1 - ИМЯ ЛИЦА - ПЕРВИЧНАЯ ОТВЕТСТВЕННОСТЬ
Код отношения Автор
Графика поля Кириллица
Материалы, к которым относится поле rus
Начальный элемент ввода Терещенко
Часть имени, кроме начального элемента ввода А. С.
Даты 1940-
Расширение инициалов личного имени Анатолий Степанович
Системный номер авторитетной/нормативной записи 151500
Идентификатор авторитетной/нормативной записи RU\NLR\AUTH\770151538
701 #1 - ИМЯ ЛИЦА - АЛЬТЕРНАТИВНАЯ ОТВЕТСТВЕННОСТЬ
Начальный элемент ввода Вдовин
Часть имени, кроме начального элемента ввода А. А.
Дополнения к именам, кроме дат полковник госбезопасности
Даты 1941-
Расширение инициалов личного имени Александр Александрович
Системный номер авторитетной/нормативной записи 183162
Идентификатор авторитетной/нормативной записи RU\NLR\AUTH\770183213
702 #1 - ИМЯ ЛИЦА - ВТОРИЧНАЯ ОТВЕТСТВЕННОСТЬ
Код отношения Объект посвящения
Графика поля Кириллица
Материалы, к которым относится поле rus
Начальный элемент ввода Ивашутин
Часть имени, кроме начального элемента ввода П. И.
Даты 1909-2002
Расширение инициалов личного имени Петр Иванович
Системный номер авторитетной/нормативной записи 79958
Идентификатор авторитетной/нормативной записи RU\NLR\AUTH\7797032
712 02 - НАИМЕНОВАНИЕ ОРГАНИЗАЦИИ - ВТОРИЧНАЯ ОТВЕТСТВЕННОСТЬ
Код отношения Прочие
Начальный элемент ввода СССР
Структурное подразделение Главное разведывательное управление
Системный номер авторитетной/нормативной записи 315211
Идентификатор авторитетной/нормативной записи RU\NLR\AUTH\8820762
712 02 - НАИМЕНОВАНИЕ ОРГАНИЗАЦИИ - ВТОРИЧНАЯ ОТВЕТСТВЕННОСТЬ
Код отношения Прочие
Начальный элемент ввода СССР
Структурное подразделение Комитет государственной безопасности
Системный номер авторитетной/нормативной записи 380631
Идентификатор авторитетной/нормативной записи RU\NLR\AUTH\889942804
942 ## - ДОПОЛНИТЕЛЬНЫЕ ЭЛЕМЕНТЫ ЗАПИСИ (АБИС)
Тип экземпляра АБИС Книга
980 ## - КОЛЛЕКЦИЯ
Название коллекции Национальная библиография

Нет доступных экземпляров.